Circulatory disturbance in the pathogenesis of adrenocortical necrosis induced by 7,12-dimethylbenz(a)anthracene

Elmentve itt :
Bibliográfiai részletek
Szerzők: Horváth Éva
Csernay László
Kovács Kálmán
Dokumentumtípus: Cikk
Megjelent: 1968
Sorozat:Kolligátum
Kulcsszavak:Mellékvesebetegségek
Online Access:http://misc.bibl.u-szeged.hu/26972
LEADER 00689nab a2200193 i 4500
001 misc26972
005 20191111110332.0
008 170920s1968 hu o 0|| zxx d
040 |a SZTE Miscellanea Repozitórium  |b hun 
041 |a zxx 
100 1 |a Horváth Éva 
245 1 0 |a Circulatory disturbance in the pathogenesis of adrenocortical necrosis induced by 7,12-dimethylbenz(a)anthracene  |h [elektronikus dokumentum] /  |c  Horváth Éva 
260 |c 1968 
300 |a 315-326 
490 0 |a Kolligátum 
695 |a Mellékvesebetegségek 
700 0 1 |a Csernay László  |e aut 
700 0 1 |a Kovács Kálmán  |e aut 
856 4 0 |u http://misc.bibl.u-szeged.hu/26972/1/019_023_315-326.pdf  |z Dokumentum-elérés